THE DRAFTING OF LEGISLATION/ (Record no. 48)

MARC details
000 -LEADER
fixed length control field 00522nam a22001577a 4500
005 - DATE AND TIME OF LATEST TRANSACTION
control field 20110406144105.0
008 - FIXED-LENGTH DATA ELEMENTS--GENERAL INFORMATION
fixed length control field 110406t xxu||||| |||| 00| 0 eng d
082 ## - DEWEY DECIMAL CLASSIFICATION NUMBER
Edition number 22
Classification number 340.0149
100 ## - MAIN ENTRY--PERSONAL NAME
Personal name S. NAMASIVAYAM
9 (RLIN) 133
245 ## - TITLE STATEMENT
Title THE DRAFTING OF LEGISLATION/
Statement of responsibility, etc S. NAMASIVAYAM . _
250 ## - EDITION STATEMENT
Edition statement 1st ed . _
260 ## - PUBLICATION, DISTRIBUTION, ETC. (IMPRINT)
Place of publication, distribution, etc LONDON :
Name of publisher, distributor, etc OXFORD UNIVERSITY PRESS,
Date of publication, distribution, etc 1967
300 ## - PHYSICAL DESCRIPTION
Extent xvi,158p.:
Dimensions 12cm
Type of unit BOOK
942 ## - ADDED ENTRY ELEMENTS (KOHA)
Source of classification or shelving scheme Dewey Decimal Classification
Item type Books
Holdings
Withdrawn status Lost status Source of classification or shelving scheme Damaged status Not for loan Home library Current library Shelving location Date acquired Total Checkouts Full call number Barcode Date last seen Price effective from Koha item type
    Dewey Decimal Classification     Law Development Centre Main Library Law Development Centre Main Library Text Books and Laws 04/06/2011   340.0149 NAM 1002 04/06/2011 04/06/2011 Books